| 000 | 00956nam a2200241 i 4500 | ||
|---|---|---|---|
| 001 | 169208 | ||
| 003 | ES-MaACL | ||
| 005 | 20260217063017.0 | ||
| 008 | 080822s19611961sp |||| | spa d | ||
| 017 | _aM 3.404-1961 | ||
| 080 | _a821.134.2-1.09"15/16" | ||
| 100 | 1 |
_aPorqueras Mayo, Alberto, _d1930-2003 _9242807 |
|
| 245 | 1 | 3 |
_aEl problema de la verdad poética en el Siglo de Oro / _cAlberto Porqueras Mayo. |
| 260 |
_aMadrid : _bAteneo, _c1961 ( _f"Gráficas Benzal") |
||
| 300 |
_a32 p., [2] h. ; _c19 cm. |
||
| 490 | 1 |
_aO crece o muere ; _v150 |
|
| 500 | _a"Este trabajo fue dado a conocer por su autor en la conferencia pronunciada en el Ateneo de Madrid el día 16 de mayo de 1960" | ||
| 610 | 2 |
_aAteneo de Madrid- _vConferencias- _y1940-1982. _91908 |
|
| 650 | 0 | 4 |
_aPoesía española- _xHistoria y crítica. _916166 |
| 830 | 0 | 0 |
_aColección "O crece o muere" _v150 _9183476 |
| 852 | 4 |
_aES-MaACL _j2243-F-5 |
|
| 999 |
_c169208 _d169208 |
||